[Event "Barcelona Sant Marti op 05th"]
[Site "Barcelona"]
[Date "2003.05.10"]
[Round "3.36"]
[White "Serra, Francesco"]
[Black "Domingo Mila, Roger"]
[Result "0-1"]
[WhiteElo "1700"]
[BlackElo "1885"]
[PlyCount "38"]
[EventDate "2003.04.26"]
[EventType "swiss"]
[EventRounds "9"]
[EventCountry "ESP"]
[SourceTitle "EXT 2004"]
[Source "ChessBase"]
[SourceDate "2003.11.25"]
[SourceVersion "1"]
[SourceVersionDate "2003.11.25"]
[SourceQuality "1"]

1. d4 d5 2. Nf3 Nf6 3. Bf4 e6 4. e3 Nbd7 5. h3 Bb4+ 6. c3 Ba5 7. Nbd2 0-0 8. Bd3 c6 9. 0-0 Bc7 10. Ne5 Nxe5 11. dxe5 Nd7 12. Qg4 Nxe5 13. Bxh7+ Kh8 14. Qh5 Re8 15. Bg6+ Kg8 16. Qh7+ Kf8 17. Bh6 gxh6 18. Qxh6+ Ke7 19. Nf3 Nxg6 0-1

[Event "Barcelona Sant Marti op 04th"]
[Site "Barcelona"]
[Date "2002.05.02"]
[Round "8.20"]
[White "Domingo Mila, Roger"]
[Black "Valbuena Castro, Gregorio"]
[Result "1-0"]
[WhiteElo "1885"]
[BlackElo "1830"]
[PlyCount "96"]
[EventDate "2002.04.06"]
[EventType "swiss"]
[EventRounds "9"]
[EventCountry "ESP"]
[SourceTitle "EXT 2003"]
[Source "ChessBase"]
[SourceDate "2002.11.25"]
[SourceVersion "1"]
[SourceVersionDate "2002.11.25"]
[SourceQuality "1"]

1. e4 e5 2. f4 exf4 3. Nf3 Be7 4. h4 d6 5. d3 Nf6 6. Bxf4 Nc6 7. Nc3 Bg4 8. Qd2 Nh5 9. Bg5 Ng3 10. Rh2 Bxf3 11. Bxe7 Qxe7 12. gxf3 Nd4 13. Qf2 Qf6 14. Bg2 c6 15. 0-0-0 Qf4+ 16. Kb1 Nxe4 17. Nxe4 Qxh2 18. Qxd4 Qxg2 19. Nxd6+ Kf8 20. Rg1 Qxf3 21. Qxg7+ Ke7 22. Qe5+ Kd7 23. Nxf7 Rhe8 24. Qd6+ Kc8 25. Ne5 Qd5 26. Qxd5 cxd5 27. d4 Rf8 28. c3 Kc7 29. Rg7+ Kd6 30. Rxh7 Rf1+ 31. Kc2 b5 32. Rg7 a6 33. h5 Rh1 34. h6 Ke6 35. h7 Rh8 36. Ng6 Ra8 37. h8Q Rhxh8 38. Nxh8 Rxh8 39. Rg6+ Kf5 40. Rxa6 Rb8 41. Kb3 Ke4 42. a3 Kd3 43. Rd6 Ke4 44. Rc6 Kd3 45. Rc5 Ke4 46. Kb4 Kd3 47. Rxb5 Rxb5+ 48. Kxb5 Kc2 1-0

[Event "Barcelona Sant Marti op 04th"]
[Site "Barcelona"]
[Date "2002.04.13"]
[Round "2.12"]
[White "Campos Cayuela, Teotista"]
[Black "Domingo Mila, Roger"]
[Result "1-0"]
[WhiteElo "2075"]
[BlackElo "1885"]
[PlyCount "85"]
[EventDate "2002.04.06"]
[EventType "swiss"]
[EventRounds "9"]
[EventCountry "ESP"]
[SourceTitle "EXT 2003"]
[Source "ChessBase"]
[SourceDate "2002.11.25"]
[SourceVersion "1"]
[SourceVersionDate "2002.11.25"]
[SourceQuality "1"]

1. d4 d5 2. Nc3 Nf6 3. Bg5 e6 4. e4 Be7 5. e5 Nfd7 6. h4 Bxg5 7. hxg5 Qxg5 8. Nh3 Qe7 9. Qg4 f6 10. Nf4 f5 11. Qh5+ Qf7 12. Nxe6 g6 13. Nxc7+ Kd8 14. Qh2 Nb6 15. Nxa8 Nxa8 16. Qh4+ Ke8 17. Nb5 Qe6 18. Nd6+ Kd7 19. Bb5+ Nc6 20. 0-0-0 Nc7 21. Ba4 Ne8 22. Nxe8 Kxe8 23. c4 h6 24. Rhe1 Bd7 25. cxd5 Qxd5 26. e6 Qc4+ 27. Bc2 Bxe6 28. Qf6 Kd7 29. Qxe6+ Qxe6 30. Rxe6 Kxe6 31. d5+ Kd6 32. dxc6+ Kxc6 33. Kd2 Re8 34. Re1 Rd8+ 35. Bd3 Rd6 36. Re7 a6 37. f4 b5 38. Ke3 Kc5 39. a3 a5 40. Re5+ Rd5 41. Rxd5+ Kxd5 42. Bxb5 g5 43. Be2 1-0